000 00485nam a2200181Ia 4500
005 20250508162439.0
008 008 250505s9999 xx 000 0 eng d
037 _aTextual
040 _aFEDL
_beng
_cFEDL
041 _aeng
_2eng
084 _a371.97, KAM
_qFEDL
100 _aKamble N D
245 0 _aScheduled castes
260 _aNew Delhi, India
_bAshish Publishing House
_c1982
300 _a264p.
942 _cTEXL
_h371.97, KAM
999 _c1376600
_d1376600